000 00538cam a22001457a 4500
999 _c508093
_d508093
008 180718b-- xxu||||| |||| 00| 0 eng d
082 _aL806x54 F/1990-91
100 _aIndia. Ministry of Finance. Department of Expenditure. Controller General of Accounts
_93148
245 _aFinance accounts, Union Government, 1990-91
260 _aDelhi
_bThe Controller of Publications
_c1991
300 _a481p.
500 _aLibrary has 1990/91-2003/04, 2005/06-2007/08, 2009/10
650 _aFinance, Public - Auditing - India
_93149
942 _2ddc